LEADER 01065nam--2200337---450- 001 990003128260203316 005 20080715101805.0 010 $a3-527-29572-0 035 $a000312826 035 $aUSA01000312826 035 $a(ALEPH)000312826USA01 035 $a000312826 100 $a20080715d1999----km-y0itay50------ba 101 $aeng 102 $aDE 105 $aa---||||001yy 200 1 $aMolecular catenanes, rotaxanes and knots$ea journey through the world of molecular topology$fJean-Pierre Sauvage, Christiane Dietrich-Buchecker (Eds.) 210 $aWeinheim [et al.]$cWiley$dcopyr. 1999 215 $aXIV, 368 p.$cill.$d24 cm 606 0 $aStruttura molecolare 676 $a541.22 702 1$aSAUVAGE,$bJean-Pierre 702 1$aDIETRICH-BUCHECKER,$bChristiane 801 0$aIT$bsalbc$gISBD 912 $a990003128260203316 951 $a541.22 MOL$b37190/CBS$c541.22$d00217476 959 $aBK 969 $aSCI 979 $aCBAS$b10$c20080715$lUSA01$h1018 996 $aMolecular catenanes, rotaxanes and knots$91017154 997 $aUNISA